Dettagli MARC
| 000 -LEADER |
| fixed length control field |
01540nam a2200289 i 4500 |
| 003 - CONTROL NUMBER IDENTIFIER |
| control field |
IT-RoINE |
| 005 - DATE AND TIME OF LATEST TRANSACTION |
| control field |
20200515100825.0 |
| 008 - FIXED-LENGTH DATA ELEMENTS--GENERAL INFORMATION |
| fixed length control field |
000401s1971 it |r 1 1|||ita|d |
| 040 ## - CATALOGING SOURCE |
| Original cataloging agency |
SpMaBN |
| Transcribing agency |
CDM IT-RoINE |
| Modifying agency |
IT-RoINE |
| 041 0# - LANGUAGE CODE |
| Language code of text/sound track or separate title |
eng |
| -- |
fre |
| -- |
ger |
| -- |
ita |
| 110 2# - MAIN ENTRY--CORPORATE NAME |
| Corporate name or jurisdiction name as entry element |
Università cattolica del Sacro Cuore. |
| Subordinate unit |
Centro di studi medioevali. |
| -- |
Settimana Internazionale di Studio |
| Number of part/section/meeting |
(4ª. |
| Date of meeting or treaty signing |
1968. |
| Location of meeting |
Passo della Mendola, Italia) |
| 9 (RLIN) |
51729 |
| 245 13 - TITLE STATEMENT |
| Title |
Il monachesimo e la riforma ecclesiastica (1049- 1122) : |
| Remainder of title |
atti della quaeta settimana internazionale di studio, Mendola, 23-29 agosto 1968. |
| 260 ## - PUBLICATION, DISTRIBUTION, ETC. (IMPRINT) |
| Place of publication, distribution, etc |
Milano : |
| Name of publisher, distributor, etc |
Vita e Pensiero, |
| Date of publication, distribution, etc |
[1971] |
| 300 ## - PHYSICAL DESCRIPTION |
| Extent |
XVI, 540 p. ; |
| Dimensions |
24 cm. |
| 336 ## - CONTENT TYPE |
| Source |
rdacontent |
| Content type term |
text |
| 337 ## - MEDIA TYPE |
| Source |
rdamedia |
| Media type term |
unmediated |
| 338 ## - CARRIER TYPE |
| Source |
rdacarrier |
| Carrier type term |
volume |
| 490 1# - SERIES STATEMENT |
| Series statement |
Pubblicazioni dell'Università Cattolica del Sacro Cuore. |
| -- |
Contributi. |
| -- |
Serie terza, |
| -- |
Varia ; |
| Volume number/sequential designation |
7 |
| 490 1# - SERIES STATEMENT |
| Series statement |
Pubblicazioni dell'Università Cattolica del Sacro Cuore. |
| -- |
Miscellanea de Centro di Studi Medioevali ; |
| Volume number/sequential designation |
6 |
| 500 ## - GENERAL NOTE |
| General note |
Incluye índices. |
| 504 ## - BIBLIOGRAPHY, ETC. NOTE |
| Bibliography, etc |
Incluye referencias bibliográficas en notas. |
| 546 ## - LANGUAGE NOTE |
| Language note |
Textos en alemán, francés, inglés e italiano. |
| 650 #4 - SUBJECT ADDED ENTRY--TOPICAL TERM |
| Topical term or geographic name as entry element |
Vida religiosa y monástica |
| General subdivision |
Historia |
| Chronological subdivision |
600-1500 (Edad media) |
| Form subdivision |
Congresos |
| 9 (RLIN) |
51730 |
| 830 #0 - SERIES ADDED ENTRY--UNIFORM TITLE |
| 9 (RLIN) |
51719 |
| Uniform title |
Pubblicazioni dell'Università cattolica del Sacro Cuore. |
| Number of part/section of a work |
Serie terza, |
| Name of part/section of a work |
Contributi. |
| -- |
Varia ; |
| Volume number/sequential designation |
7 |
| 830 #0 - SERIES ADDED ENTRY--UNIFORM TITLE |
| 9 (RLIN) |
51709 |
| Uniform title |
Pubblicazioni dell'Università cattolica del Sacro Cuore. |
| Name of part/section of a work |
Miscellanea del Centro di studi medioevali |
| Volume number/sequential designation |
6 |
| 942 ## - ADDED ENTRY ELEMENTS (KOHA) |
| Item type |
Monografías |